[Event "TCh-POL Ekstraliga"]
[Site "Katowice POL"]
[Date "2011.10.08"]
[Round "8.1"]
[White "Matlak,Mare"]
[Black "Leniart,A"]
[Result "1/2-1/2"]
[WhiteElo "2485"]
[BlackElo "2444"]

1.Nf3 Nf6 2.c4 g6 3.Nc3 Bg7 4.e4 d6 5.Be2 O-O 6.d4 e5 7.O-O Nc6 8.dxe5 Nxe5
9.Bf4 Nxf3+ 10.Bxf3 Be6 11.b3 Nh5 12.Bd2 Nf4 13.Bxf4 Bxc3 14.Rc1 Be5 15.Qd2 Qe7
16.Bh6 Rfe8 17.g3 Bd7 18.Bg2 Bc6 19.Rfe1 Bh8 20.f3 a5 21.a4 b6 22.Be3 Rad8
23.Bg5 Bf6 24.Bf4 Be5 25.Bg5 Bf6 26.Bf4 Be5 27.Bg5 Bf6 28.Bf4  1/2-1/2

[Event "TCh-ROU Superliga 2011"]
[Site "Brasov ROU"]
[Date "2011.10.09"]
[Round "2.2"]
[White "Bonte,An"]
[Black "Miroiu,G"]
[Result "0-1"]
[WhiteElo "2364"]
[BlackElo "2281"]

1.d4 Nf6 2.c4 g6 3.Nc3 Bg7 4.e4 d6 5.Nf3 O-O 6.Be2 e5 7.O-O Nc6 8.d5 Ne7
9.b4 Nh5 10.Re1 Nf4 11.Bf1 a5 12.Ba3 c6 13.dxc6 Nxc6 14.bxa5 Bg4 15.Nb5 Nd4
16.Nbxd4 exd4 17.h3 Bxf3 18.Qxf3 Ne6 19.Bb4 Re8 20.Rab1 h5 21.h4 Ra7 22.g3 Nc5
23.e5 Rxe5 24.Rxe5 Bxe5 25.Qd5 Qc7 26.Re1 Bf6 27.Re8+ Kg7 28.Bd2 b6 29.Bg5 Bxg5
30.hxg5 Ne6 31.Rxe6 fxe6 32.Qxe6 Rxa5 33.Bg2 Rxg5 34.Bd5 Qd8 35.Qf7+ Kh6
36.Qf4 d3 37.Qd4 Qe8 38.Qxd3 h4 39.Kg2 hxg3 40.fxg3 Qe1 41.Kh3 Qf2 42.Be6 Qg1
43.Qf3 Rh5+ 44.Kg4 Qd4+ 45.Qf4+ Qxf4+ 46.gxf4 Ra5 47.Kf3 Rxa2 48.Ke4 Ra5
49.Bd5 Kg7 50.f5 g5 51.Bc6 Re5+  0-1

[Event "20th TCh-CRO 1a"]
[Site "Sibenik CRO"]
[Date "2011.10.11"]
[Round "8.3"]
[White "Jankovic,A"]
[Black "Jovanovic,Zo CRO"]
[Result "1/2-1/2"]
[WhiteElo "2584"]
[BlackElo "2589"]

1.d4 Nf6 2.c4 g6 3.Nc3 Bg7 4.e4 d6 5.Nf3 O-O 6.Be2 e5 7.O-O Nc6 8.d5 Ne7
9.b4 a5 10.Ba3 Ne8 11.c5 axb4 12.Bxb4 Bh6 13.a4 Kh8 14.Bb5 f5 15.Bxe8 Rxe8
16.cxd6 cxd6 17.Nb5 Ra6 18.Nd2 Rf8 19.Nc4 Rf6 20.Qf3 Ng8 21.Qc3 Bf8 22.Ba5 Qe7
23.exf5 gxf5 24.Nc7 Rxa5 25.Nxa5 f4 26.f3 Bg7 27.Rae1 Rh6 28.Ne6 Bxe6 29.dxe6 Qh4
30.Qc2 Qxh2+ 31.Kf2 Qg3+ 32.Ke2 Rxe6 33.Qf5 Rh6 34.Nxb7 Rh2 35.Rf2 Bf6 36.Nxd6 Rxg2
37.Rf1  1/2-1/2

[Event "20th TCh-CRO 1b"]
[Site "Sibenik CRO"]
[Date "2011.10.12"]
[Round "9.1"]
[White "Sasvari,Z"]
[Black "Ivic,Mat"]
[Result "0-1"]
[WhiteElo "2242"]
[BlackElo "2290"]

1.d4 Nf6 2.c4 g6 3.Nc3 Bg7 4.e4 d6 5.Be2 O-O 6.Nf3 e5 7.O-O Nc6 8.d5 Ne7
9.Ne1 Nd7 10.f3 f5 11.g4 Kh8 12.Ng2 Nf6 13.b4 c6 14.Rb1 cxd5 15.cxd5 Bd7
16.a4 Qc8 17.Qd3 fxg4 18.fxg4 Bxg4 19.Bxg4 Qxg4 20.h3 Qd7 21.Kh2 Nh5 22.Be3 Nf4
23.Nxf4 exf4 24.Bd4 Ng8 25.Ne2 Be5 26.Bxe5+ dxe5 27.Ng1 Rac8 28.Nf3 Qxa4
29.Rfc1 Nf6 30.Nxe5 Rxc1 31.Rxc1 Qxb4 32.Nc4 b5 33.Nd2 Qb2 34.Re1 Nd7 35.Rb1 Qf6
36.Nf3 Ne5 37.Nxe5 Qxe5 38.Qf3 Rc8 39.Rf1 Rc4 40.Qa3 Rc2+ 41.Rf2 b4 42.Qf3 b3
43.Rxc2 bxc2 44.Qa3 Kg7 45.Qxa7+ Kh6 46.Qa3 f3+  0-1

[Event "TCh-ROU Superliga 2011"]
[Site "Brasov ROU"]
[Date "2011.10.14"]
[Round "7.3"]
[White "Suba,M"]
[Black "Nisipeanu,LD"]
[Result "1/2-1/2"]
[WhiteElo "2471"]
[BlackElo "2638"]

1.c4 g6 2.e4 Bg7 3.d4 d6 4.Nc3 Nf6 5.Nf3 O-O 6.Be2 e5 7.O-O Nc6 8.d5 Ne7
9.b4 Nh5 10.Re1 Nf4 11.Bf1 a5 12.bxa5 Rxa5 13.a4 b6 14.Ra3 Bg4 15.h3 Bd7
16.Nb5 h6 17.Bd2 Ra6 18.a5 f5 19.Bxf4 exf4 20.e5 Bxb5 21.cxb5 Rxa5 22.Rxa5 bxa5
23.Nd4 dxe5 24.Ne6 Qd6 25.Nxf8 Kxf8 26.Qc2 e4 27.Qc4 Be5 28.Rd1 h5 29.Be2 Kg7
30.Kf1 Kf6 31.Rd2 Qb6  1/2-1/2

[Event "III Curitiba ITT"]
[Site "Curitiba BRA"]
[Date "2011.10.15"]
[Round "3"]
[White "Palozi,P"]
[Black "Fernandez,Maria"]
[Result "0-1"]
[WhiteElo "2256"]
[BlackElo "2152"]

1.d4 Nf6 2.c4 g6 3.Nc3 Bg7 4.e4 d6 5.Nf3 O-O 6.Be2 e5 7.O-O Nc6 8.d5 Ne7
9.Ne1 Nd7 10.Be3 f5 11.f3 f4 12.Bf2 g5 13.Rc1 Rf6 14.Nd3 Rh6 15.Kh1 a6 16.c5 Qe8
17.a4 Qh5 18.Bg1 Nf6 19.cxd6 cxd6 20.Nf2 Qg6 21.h3 Nh5 22.Bh2 Ng3+ 23.Bxg3 fxg3
24.Ng4 Rh4 25.Qe1 h5 26.Ne3 Qf6 27.Qxg3 Ng6 28.Rf2 Nf4 29.Bf1 Kh8 30.Rfc2 Bd7
31.Nf5 Rg8 32.b4 Bxf5 33.exf5 Qxf5 34.Ne4 Bf8 35.Rd2 Be7 36.Rc7 Bd8 37.Nxd6 Qb1
38.Nf7+ Kg7 39.Nxd8+ Kg6 40.Nf7 Qxf1+ 41.Kh2 Kf6 42.Rxb7 Rg7 43.Nxg5 Rxh3+
44.gxh3 Rxg5 45.Rb6+ Kf5 46.Rf2 Qd1 47.Qg4+ hxg4 48.hxg4+ Rxg4 49.fxg4+ Qxg4  0-1

[Event "II Oliver Gonzalez Memorial"]
[Site "Madrid ESP"]
[Date "2011.10.15"]
[Round "8.8"]
[White "Martin Rueda,D"]
[Black "Hunt,A"]
[Result "0-1"]
[WhiteElo "2311"]
[BlackElo "2437"]

1.c4 Nf6 2.Nc3 g6 3.e4 d6 4.d4 Bg7 5.Nf3 O-O 6.Be2 e5 7.O-O Nc6 8.d5 Ne7
9.Ne1 Nd7 10.Be3 f5 11.f3 f4 12.Bf2 g5 13.Rc1 Kh8 14.Nd3 Nf6 15.c5 Bd7 16.Qb3 b6
17.cxd6 cxd6 18.Nb5 Bxb5 19.Qxb5 g4 20.Be1 Bh6 21.Bd2 Rg8 22.Kh1 Bg5 23.Qa4 Bh4
24.Rc4 a6 25.Qc2 b5 26.Rc7 Ne8 27.Rc3 h5 28.fxg4 hxg4 29.Nxf4 exf4 30.Rxf4 b4
31.Rh3 gxh3 32.Rxh4+ Kg7 33.Bh6+ Kf7 34.Bh5+ Ng6 35.Rf4+ Nf6 36.Bg5 Rc8 37.Qd2 hxg2+
38.Kxg2 Kg7 39.Bxf6+ Qxf6 40.Rxf6 Kxf6 41.Bxg6 Rxg6+ 42.Kf3 a5 43.Qd4+ Kg5
44.e5 Rf8+ 45.Ke3 Rh6 46.Qd2 Rf4 47.Kd3 dxe5 48.Qe3 Kf5 49.Kc2 a4 50.Qd2 Rd6
51.Qd3+ Kf6 52.a3 Rf2+ 53.Kc1 b3  0-1

[Event "TCh-MNE 1st League"]
[Site "Tivat MNE"]
[Date "2011.10.15"]
[Round "8.5"]
[White "Potpara,N"]
[Black "Benderac,S"]
[Result "0-1"]
[WhiteElo "2181"]
[BlackElo "2332"]

1.d4 Nf6 2.c4 g6 3.Nc3 Bg7 4.e4 d6 5.Nf3 O-O 6.Be2 e5 7.O-O Nc6 8.d5 Ne7
9.Ne1 Nd7 10.f3 f5 11.g4 h6 12.h4 Kh8 13.Be3 Ng8 14.Ng2 f4 15.Bf2 b6 16.b4 a5
17.a3 Rf7 18.Na4 Bf8 19.Qb3 Be7 20.c5 bxc5 21.bxc5 Qf8 22.Rfc1 dxc5 23.Qc3 Ngf6
24.Nxc5 Bxc5 25.Bxc5 Qxc5+ 26.Qxc5 Nxc5 27.Rxc5 Bxg4 28.fxg4 Nxe4 29.Rc6 Nd6
30.Bd3 e4 31.Rxd6 cxd6 32.Bxe4 f3 33.Rf1 Raf8 34.Bxg6 Rf6 35.h5 fxg2 36.Rxf6 Rxf6
37.Bf5 Rxf5 38.gxf5 Kg7 39.Kxg2 Kf6 40.Kf3 Kxf5 41.a4 Ke5 42.Kg4 Ke4  0-1

[Event "TCh-ROU Superliga 2011"]
[Site "Brasov ROU"]
[Date "2011.10.16"]
[Round "9.2"]
[White "Suba,M"]
[Black "Timoshenko,G"]
[Result "0-1"]
[WhiteElo "2471"]
[BlackElo "2572"]

1.c4 Nf6 2.Nc3 g6 3.e4 d6 4.d4 Bg7 5.Be2 O-O 6.Nf3 e5 7.O-O Nc6 8.d5 Ne7
9.b4 a5 10.bxa5 c5 11.dxc6 bxc6 12.Rb1 Rxa5 13.Be3 c5 14.Rb5 Nc6 15.Rxa5 Qxa5
16.Qxd6 Nd4 17.Bxd4 cxd4 18.Nd5 Nxe4 19.Ne7+ Kh8 20.Qc6 Nc3 21.Nxc8 Nxe2+
22.Kh1 Nc3 23.Nd6 h6 24.h4 Qxa2 25.Nxe5 Bxe5 26.Nxf7+ Rxf7 27.Qe8+ Kg7 28.Qxe5+ Kh7
29.Qxd4 Ne2 30.Qg4 Nf4 31.Qc8 Qe2 32.Kg1 Qe4 33.f3 Ne2+ 34.Kf2 Qd4+ 35.Ke1 Re7
36.Qf8 Qc3+ 37.Kd1 Qc1+  0-1

[Event "Indonesia Open"]
[Site "Jakarta INA"]
[Date "2011.10.16"]
[Round "4.4"]
[White "Mareco,S"]
[Black "Grigoryan,K2"]
[Result "1-0"]
[WhiteElo "2597"]
[BlackElo "2473"]

1.d4 Nf6 2.c4 g6 3.Nc3 Bg7 4.e4 d6 5.Nf3 O-O 6.Be2 e5 7.O-O Nc6 8.d5 Ne7
9.Ne1 Nd7 10.Be3 f5 11.f3 f4 12.Bf2 g5 13.Rc1 Rf7 14.Nd3 c5 15.b4 cxb4 16.Nb5 Rf6
17.c5 dxc5 18.Nxc5 Nxc5 19.Bxc5 Bf8 20.Qb3 Kh8 21.Rfd1 Bd7 22.Bxb4 Bxb5 23.Bxb5 Nc8
24.Bc3 Bd6 25.Be2 Qe7 26.a4 Nb6 27.Kh1 Rb8 28.Bb5 Rg8 29.a5 Nc8 30.a6 bxa6
31.Bxa6 Nb6 32.Be2 Rb8 33.Qa2 Rbf8 34.Bb2 Rh6 35.Rd3 Rf7 36.Qa1 Kg8 37.Rc6 Nd7
38.Rdc3 a5 39.Ba3 Rff6 40.Bxd6 Rxd6 41.h3 Nf8 42.Qxa5 Qb7 43.Qc5 Qb2 44.Rc2 Qb8
45.Kh2 Qd8 46.Ra2 g4 47.fxg4 Qb8 48.g5 Rhg6 49.Bh5 Rxg5 50.Qxd6 Qb1 51.Rc8  1-0

[Event "TCh-AUT 2 Mitte 2011-12"]
[Site "St Valentin AUT"]
[Date "2011.10.21"]
[Round "1"]
[White "Knoll,H"]
[Black "Hatzl,S"]
[Result "0-1"]
[WhiteElo "2364"]
[BlackElo "2162"]

1.d4 Nf6 2.Nf3 g6 3.c4 Bg7 4.Nc3 O-O 5.e4 d6 6.Be2 e5 7.O-O Nc6 8.d5 Ne7
9.b4 c6 10.Rb1 a5 11.a3 Ne8 12.Qb3 cxd5 13.exd5 Nf5 14.c5 axb4 15.axb4 Nd4
16.Nxd4 exd4 17.Ne4 Bf5 18.Bd3 Bxe4 19.Bxe4 f5 20.Bf3 g5 21.g3 f4 22.Bg4 fxg3
23.hxg3 Be5 24.Bd2 Ng7 25.Rbe1 h5 26.Bh3 g4 27.Bg2 Nf5 28.Rxe5 dxe5 29.d6+ Kg7
30.Qe6 Qf6 31.Qxf6+ Kxf6 32.Bxb7 Ra2 33.Rd1 h4 34.gxh4 Nxh4 35.Bh6 Rh8 36.d7 Ke6
37.Bg7 Rg8 38.Bc6 Nf3+ 39.Kf1 Nh2+ 40.Kg1 Nf3+ 41.Kg2 Nh4+ 42.Kf1 g3 43.Bxe5 gxf2
44.Bg3 Rxg3 45.Bd5+ Kxd7  0-1

[Event "TCh-AUT 2 Mitte 2011-12"]
[Site "St Valentin AUT"]
[Date "2011.10.22"]
[Round "2"]
[White "Enoeckl,P"]
[Black "Sandner,W"]
[Result "1/2-1/2"]
[WhiteElo "2292"]
[BlackElo "2238"]

1.d4 Nf6 2.c4 g6 3.Nc3 Bg7 4.e4 d6 5.Be2 O-O 6.Nf3 e5 7.O-O Nc6 8.d5 Ne7
9.Ne1 Nd7 10.f3 f5 11.Be3 f4 12.Bf2 g5 13.a4 a6 14.a5 Rf6 15.Nd3 Rh6 16.Kh1 Qe8
17.Rc1 Nf6 18.c5 Qh5 19.Bg1 Kh8 20.cxd6 cxd6 21.Na4 Nfxd5 22.exd5 Nf5 23.Rxc8+ Rxc8
24.h3 e4 25.Re1 exd3 26.Bxd3 Ng3+ 27.Kh2 Qf7 28.Nb6 Re8 29.b4 Rxe1 30.Qxe1 Be5
31.Nc4 Qxd5 32.Nxe5 dxe5 33.Bc4 Qd6 34.Bc5 Qc7 35.Bd4 Re6 36.Bxe6  1/2-1/2

[Event "TCh-SVK Extraliga 2011-12"]
[Site "Slovakia SVK"]
[Date "2011.10.23"]
[Round "2"]
[White "Krak,T"]
[Black "Gazik,Viktor"]
[Result "1-0"]
[WhiteElo "2282"]
[BlackElo "1977"]

1.Nf3 Nf6 2.c4 g6 3.Nc3 Bg7 4.e4 d6 5.d4 O-O 6.Be2 e5 7.O-O Nc6 8.d5 Ne7
9.b4 Nh5 10.Re1 f5 11.Ng5 Nf6 12.Bf3 a5 13.b5 fxe4 14.Ncxe4 Nf5 15.Bb2 Nxe4
16.Nxe4 h5 17.g3 b6 18.Bg2 Bd7 19.h4 Bh6 20.a4 Be8 21.Qe2 g5 22.hxg5 Bxg5
23.Ra3 Bg6 24.Bh3 Qe7 25.g4 Ng7 26.gxh5 Bxh5 27.Bg4 Bg6 28.Nxg5 Qxg5 29.Rg3 Qf4
30.Bc1 Qd4 31.Bh6 Rf6 32.Bg5 Rf7 33.Be3 Qe4 34.f3 Qc2 35.Qxc2 Bxc2 36.Be6 Kf8
37.Bh6 Re7 38.Kf2 Ra7 39.Rc1 Bh7 40.Rxg7 Rxg7 41.Rg1 c5 42.bxc6 Bc2 43.Rxg7 Rxg7
44.Bxg7+ Kxg7 45.c7  1-0

[Event "Corsica Masters 2011"]
[Site "Bastia FRA"]
[Date "2011.10.24"]
[Round "4"]
[White "Battaglini,G"]
[Black "Judkovsky,Yair"]
[Result "1-0"]
[WhiteElo "2452"]
[BlackElo "2329"]

1.d4 Nf6 2.c4 g6 3.Nc3 Bg7 4.e4 d6 5.Nf3 O-O 6.Be2 e5 7.O-O Nc6 8.d5 Ne7
9.Ne1 Nd7 10.Be3 f5 11.f3 f4 12.Bf2 g5 13.Rc1 h5 14.c5 Nxc5 15.b4 Na6 16.Qb3 Ng6
17.h3 Rf7 18.Nb5 Bf6 19.Nxa7 Bd7 20.Rc3 Rg7 21.Nd3 g4 22.fxg4 hxg4 23.hxg4 Nh4
24.b5 Bxg4 25.Bxg4 Rxg4 26.Bxh4 Bxh4 27.Nxe5 dxe5 28.bxa6 bxa6 29.d6+ Kh8
30.dxc7 Qd4+ 31.Kh1 Qxa7 32.c8=Q+ Rxc8 33.Rxc8+ Kh7 34.Qh3 Qd7 35.Rfc1 Kh6
36.Rh8+ Kg5 37.Rg8+ Kh5 38.Rcc8 Qd1+ 39.Kh2 Rxg8 40.Rxg8  1-0

[Event "26th Le Touquet Open"]
[Site "Le Touquet FRA"]
[Date "2011.10.24"]
[Round "4.12"]
[White "Joie,S"]
[Black "Durpaire,A"]
[Result "1-0"]
[WhiteElo "2247"]
[BlackElo "1946"]

1.d4 Nf6 2.c4 g6 3.Nc3 Bg7 4.e4 d6 5.Nf3 O-O 6.Be2 e5 7.O-O Nc6 8.d5 Ne7
9.Ne1 Ne8 10.f3 f5 11.g4 Kh8 12.g5 f4 13.h4 Ng8 14.Kg2 h6 15.Rh1 h5 16.Nd3 Rf7
17.Bd2 Bf8 18.Qg1 Bd7 19.c5 Kh7 20.a4 Qe7 21.c6 bxc6 22.dxc6 Bxc6 23.Nb4 Bb7
24.Bc4 Rg7 25.a5 c5 26.Nbd5 Qd8 27.a6 Bc6 28.b4 cxb4 29.Nxb4 Rc8 30.Be6 Rcc7
31.Bd5 Bxd5 32.Nbxd5 Rc8 33.Qb1 Nc7 34.Nxc7 Qxc7 35.Nd5 Qd8 36.Rc1 Rb8 37.Qd3 Ne7
38.Nf6+ Kh8 39.Ba5 Rb2+ 40.Rc2 Qb8 41.Bc7 Qb4 42.Ne8 Nc6 43.Ra2 Rxa2 44.Rxa2 Rf7
45.Qd5 Rxc7 46.Nxc7 Nd4 47.Qf7 d5 48.Nxd5  1-0

[Event "World Youth U16 Ol"]
[Site "Kocaeli TUR"]
[Date "2011.10.25"]
[Round "3.15"]
[White "Grandadam,P"]
[Black "Spacek,O"]
[Result "1-0"]
[WhiteElo "2160"]
[BlackElo "1907"]

1.Nf3 Nf6 2.c4 g6 3.Nc3 Bg7 4.Nb1 Bf8 5.Nc3 Bg7 6.e4 d6 7.d4 O-O 8.Be2 e5
9.O-O Nc6 10.d5 Ne7 11.Nd2 Nd7 12.b4 f5 13.a4 c5 14.Ba3 b6 15.bxc5 bxc5 16.Rb1 Nf6
17.Re1 f4 18.Nb3 g5 19.h3 Ng6 20.Nb5 Nxe4 21.Bg4 Nf6 22.Nxd6 Qxd6 23.Bxc5 Qa6
24.Bxf8 Bxf8 25.Nd2 Bxg4 26.hxg4 Rc8 27.Rb5 Bd6 28.Qc2 Rc5 29.Nf3 Qc8 30.Rxc5 Bxc5
31.Nxe5 Nxe5 32.Rxe5 Qxg4 33.Qb3 Kg7 34.Re6 Bd4 35.Re7+ Kh6 36.Qd3 f3 37.Qxf3 Qxf3
38.gxf3 Kg6 39.Kg2 h5 40.a5 Kf5 41.Re6 Nd7 42.Re7 Ne5 43.Rc7 Kf6 44.c5 Nd3
45.Rxa7 Bxc5 46.Rc7 Ke5 47.a6 Kxd5 48.Rxc5+ Kxc5 49.a7 Nf4+ 50.Kh2  1-0

[Event "World Youth U16 Ol"]
[Site "Kocaeli TUR"]
[Date "2011.10.26"]
[Round "4.3"]
[White "Kowsarinia,A"]
[Black "Arat,Uf"]
[Result "1-0"]
[WhiteElo "2233"]
[BlackElo "2068"]

1.d4 Nf6 2.c4 g6 3.Nc3 Bg7 4.e4 d6 5.Nf3 O-O 6.Be2 e5 7.O-O Nc6 8.d5 Ne7
9.b4 Nh5 10.g3 f5 11.Ng5 Nf6 12.f3 f4 13.b5 fxg3 14.hxg3 h6 15.Ne6 Bxe6 16.dxe6 Qc8
17.Nd5 Qxe6 18.Nxc7 Qh3 19.Rf2 Rac8 20.Bf1 Qxg3+ 21.Rg2 Qh3 22.b6 axb6 23.Nb5 Nh5
24.Rxg6 Qh4 25.Rg4 Qf6 26.Bg2 Kh7 27.Qxd6 Rxc4 28.Ba3 Ng6 29.Qd5 Rfc8 30.Nd6 Rd4
31.Qxb7 Rd8 32.Nf5 R4d7 33.Qa6 Nhf4 34.Rb1 Rd1+ 35.Rxd1 Rxd1+ 36.Bf1 Nh3+
37.Kh2 Ng5 38.Bg2 Nf4 39.Be7 Qg6 40.Bxg5 hxg5 41.Qb7 Rd2 42.Qe7 Rxa2 43.Kg1 b5
44.Bf1 Qb6+ 45.Kh1 Ra7 46.Qxg5 Qf2 47.Rh4+ Kg8 48.Nh6+ Kh7 49.Ng4+  1-0

[Event "World Youth U16 Ol"]
[Site "Kocaeli TUR"]
[Date "2011.10.27"]
[Round "6.3"]
[White "Hasenohr,B"]
[Black "Arat,Uf"]
[Result "1-0"]
[WhiteElo "2155"]
[BlackElo "2068"]

1.d4 Nf6 2.Nf3 g6 3.c4 Bg7 4.Nc3 O-O 5.e4 d6 6.Be2 e5 7.O-O Nc6 8.d5 Ne7
9.Ne1 Nd7 10.Nd3 f5 11.Bd2 Nf6 12.f3 f4 13.c5 g5 14.Rc1 Ng6 15.Nb5 a6 16.cxd6 axb5
17.dxc7 Qe8 18.Qb3 g4 19.Nc5 Nh4 20.fxg4 b6 21.Ne6 Nxe4 22.Be1 Ng6 23.Bxb5 Qe7
24.Bb4 Qh4 25.Nxf8 Nxf8 26.d6+ Kh8 27.Bc6 Ng3 28.Rf2 Ra7 29.Be1 e4 30.hxg3 fxg3
31.Qxg3 Qh6 32.g5 Qe6 33.Bc3 Kg8 34.Rxf8+ Kxf8  1-0

[Event "6th Deizisau Herbstopen"]
[Site "Deizisau GER"]
[Date "2011.10.29"]
[Round "2.2"]
[White "Sanikidze,T"]
[Black "Holzinger,E"]
[Result "1-0"]
[WhiteElo "2530"]
[BlackElo "2115"]

1.d4 Nf6 2.c4 g6 3.Nc3 Bg7 4.e4 d6 5.Nf3 O-O 6.Be2 e5 7.O-O Nc6 8.d5 Ne7
9.Be3 Ng4 10.Bd2 f5 11.Ng5 Nf6 12.Qb3 h6 13.Ne6 Bxe6 14.dxe6 b6 15.f4 exf4
16.Bxf4 Ng4 17.Rad1 Ne5 18.Nd5 c6 19.Ne3 Qc7 20.exf5 gxf5 21.Bh5 Rad8 22.Qc2 Rf6
23.Bxe5 dxe5 24.Bf7+ Kh8 25.Rxd8+ Qxd8 26.Rd1 Qf8 27.Rd7 Rxf7 28.exf7 Qxf7
29.g4 e4 30.Nxf5 Qg6 31.Qxe4 Nxf5 32.Rd8+  1-0

[Event "World Youth U16 Ol"]
[Site "Kocaeli TUR"]
[Date "2011.10.29"]
[Round "8.11"]
[White "Kowsarinia,A"]
[Black "Gagare,Shar"]
[Result "1-0"]
[WhiteElo "2233"]
[BlackElo "2264"]

1.d4 Nf6 2.c4 g6 3.Nc3 Bg7 4.e4 d6 5.Nf3 O-O 6.Be2 e5 7.O-O Nc6 8.d5 Ne7
9.b4 Nh5 10.Re1 f5 11.Ng5 Nf4 12.Bxf4 exf4 13.Rc1 a5 14.a3 h6 15.Nf3 axb4
16.axb4 fxe4 17.Nxe4 Nf5 18.c5 Ra3 19.Nfd2 dxc5 20.bxc5 Nd4 21.d6 Bd7 22.Nf3 Nxe2+
23.Qxe2 Kh7 24.Ned2 Re8 25.Qc4 cxd6 26.cxd6 Qf6 27.Qc7 Rxe1+ 28.Rxe1 Bc6
29.Ne5 Ra2 30.Ndf3 Bxf3 31.Nxf3 Ra1 32.h3 Rxe1+ 33.Nxe1 Qa1 34.Qe7 Qa3 35.Nd3 b5
36.Kh2 f3 37.Nf4 fxg2 38.Ne6 Qb2 39.Qxg7+  1-0

[Event "US Chess League 2011"]
[Site "ICC INT"]
[Date "2011.10.31"]
[Round "10"]
[White "Feng,Roland"]
[Black "Lu,Albert"]
[Result "1-0"]
[WhiteElo "2016"]
[BlackElo "1994"]

1.d4 Nf6 2.c4 g6 3.Nc3 Bg7 4.e4 d6 5.Nf3 O-O 6.Be2 e5 7.O-O Nc6 8.d5 Ne7
9.b4 b6 10.a4 a5 11.bxa5 Rxa5 12.Nd2 Nd7 13.Nb3 Ra8 14.a5 Ba6 15.axb6 cxb6
16.Bg5 f6 17.Bh4 Qc7 18.Rc1 Nc5 19.Nxc5 bxc5 20.Rb1 Rfb8 21.Rxb8+ Rxb8 22.Qa4 Bc8
23.Nb5 Qb6 24.Rb1 Bd7 25.Bd3 Nc8 26.f3 Rb7 27.Qa2 Rb8 28.Be1 Bh6 29.Kf2 Kf8
30.Qa1 Ke7 31.Ba5 Qb7 32.Nxd6 Nxd6 33.Rxb7 Rxb7 34.Qa3 Bf4 35.Qxc5 Bc1 36.Bc7  1-0

[Event "Zakopane Open"]
[Site "Zakopane POL"]
[Date "2011.11.09"]
[Round "6"]
[White "Kocwin,B"]
[Black "Wisniowska,K"]
[Result "0-1"]
[WhiteElo "2224"]
[BlackElo "2100"]

1.d4 Nf6 2.c4 g6 3.Nc3 Bg7 4.e4 d6 5.Nf3 O-O 6.Be2 e5 7.O-O Nc6 8.d5 Ne7
9.a4 a5 10.b3 Nd7 11.Ba3 f5 12.b4 Nf6 13.bxa5 fxe4 14.Ng5 e3 15.f3 Nf5 16.c5 Rxa5
17.cxd6 cxd6 18.Bb4 Ra8 19.Nb5 Ne8 20.Ne4 Rf7 21.g4 Nd4 22.Nbxd6 Nxd6 23.Bxd6 Rd7
24.Bc5 Rxd5 25.Bxd4 exd4 26.Bc4 Kh8 27.Bxd5 Qxd5 28.Qd3 b6 29.Nc3 Qa5 30.Nb5 Ba6
31.Rfb1 Rf8 32.Qe4 Qd2 33.Rf1 e2 34.Rfe1 Bxb5 35.axb5 d3 36.Rac1 Qxc1 37.Rxc1 d2  0-1

[Event "23rd Leuven Open"]
[Site "Leuven BEL"]
[Date "2011.11.12"]
[Round "5.6"]
[White "Ikonnikov,Vy"]
[Black "Goossens,R"]
[Result "1-0"]
[WhiteElo "2529"]
[BlackElo "2083"]

1.d4 Nf6 2.Nf3 g6 3.c4 Bg7 4.Nc3 O-O 5.e4 d6 6.Be2 e5 7.O-O Nc6 8.d5 Ne7
9.Ne1 Nd7 10.Be3 f5 11.f3 f4 12.Bf2 g5 13.a4 Rf6 14.a5 Rh6 15.Nb5 Qe8 16.Kh1 Nf6
17.Nd3 Nh5 18.Qe1 Ng3+ 19.Bxg3 Qh5 20.Nxc7 Rb8 21.c5 Ng6 22.cxd6 fxg3 23.Qxg3 Nf4
24.Rfe1 Bd7 25.Nc5 Rxd6 26.Nxd7 Rxd7 27.Ne6 Bf8 28.Bb5 Rf7 29.Qxg5+ Qxg5
30.Nxg5 Rg7 31.Ne6  1-0

[Event "TCh-CZE Liga 1 Zapad"]
[Site "Czech Rep CZE"]
[Date "2011.11.13"]
[Round "3.8"]
[White "Adamek,Z"]
[Black "Cmiko,J"]
[Result "1-0"]
[WhiteElo "2252"]
[BlackElo "2052"]

1.d4 Nf6 2.c4 g6 3.Nc3 Bg7 4.e4 d6 5.Nf3 O-O 6.Be2 e5 7.O-O Nc6 8.d5 Ne7
9.Ne1 Nd7 10.Be3 f5 11.f3 f4 12.Bf2 g5 13.a4 Ng6 14.Nb5 Nf6 15.Nxa7 Bd7 16.c5 g4
17.c6 g3 18.hxg3 fxg3 19.Bxg3 Nh5 20.Bh2 Qh4 21.f4 Nhxf4 22.cxd7 Rxa7 23.Bg4 Qg5
24.Ra3 h5 25.Be6+ Kh8 26.Rg3 Qf6 27.Nd3 Bh6 28.Bf5 Nh4 29.Nxf4 exf4 30.Rh3 Qg5
31.Qd2 f3 32.Qxg5 Bxg5 33.g3 Be3+ 34.Kh1 Nxf5 35.Rxf3 Rxa4 36.Rxh5+ Kg7 37.Rhxf5  1-0

[Event "TCh-HUN 2011-12"]
[Site "Kecskemet HUN"]
[Date "2011.11.13"]
[Round "3"]
[White "Hujbert,F"]
[Black "Nestorovic,L"]
[Result "1-0"]
[WhiteElo "2387"]
[BlackElo "2397"]

1.d4 Nf6 2.c4 g6 3.Nc3 Bg7 4.e4 O-O 5.Nf3 d6 6.Be2 e5 7.O-O Nc6 8.d5 Ne7
9.b4 a5 10.Ba3 axb4 11.Bxb4 Nd7 12.a4 Bh6 13.Nd2 f5 14.Bf3 Kh8 15.a5 Ng8
16.Ra3 Ngf6 17.Re1 Ng4 18.exf5 gxf5 19.Bxg4 fxg4 20.Nde4 Nf6 21.c5 Ra6 22.Ng3 Bf4
23.cxd6 cxd6 24.Nce2 Bg5 25.Rf1 Bd7 26.Bd2 Bxd2 27.Qxd2 Qa8 28.Kh1 b6 29.f3 Ng8
30.fxg4 Rxf1+ 31.Nxf1 Bxg4 32.Rg3 Bxe2 33.Qxe2 Rxa5 34.Qg4 Ra7 35.Qe6 Qd8
36.h3 Nf6 37.Ne3 Nh5 38.Rg4 Nf6 39.Rc4 Ra8 40.Nf5 b5 41.Nxd6 Kg7 42.Qf7+ Kh8
43.Ne8  1-0

[Event "5th Mediterranean Open"]
[Site "Rijeka CRO"]
[Date "2011.11.16"]
[Round "6.20"]
[White "Levar,N"]
[Black "Ostovic,M"]
[Result "1/2-1/2"]
[WhiteElo "2093"]
[BlackElo "2302"]

1.d4 Nf6 2.Nf3 g6 3.c4 Bg7 4.Nc3 O-O 5.e4 d6 6.Be2 e5 7.O-O Nc6 8.d5 Ne7
9.Ne1 Nd7 10.Nd3 f5 11.Bd2 Nf6 12.f3 f4 13.c5 g5 14.cxd6 cxd6 15.Nf2 h5 16.h3 Ng6
17.Qc2 Rf7 18.Rfc1 a6 19.a4 b6 20.Ra3 Bf8 21.Ncd1 Nh4 22.Be1 Rg7 23.a5 b5
24.b4 g4 25.fxg4 hxg4 26.hxg4 Nxg4 27.Nxg4 Bxg4 28.Bxg4 Rxg4 29.Bxh4 Qxh4
30.Nf2 Rg6 31.Qe2 Ra7 32.Rh3 Qg5 33.Nd3 Rag7 34.Rc2 Rh6 35.Rxh6 Qxh6 36.Rc6 Rh7
37.Qg4+ Rg7 38.Qe6+ Qxe6 39.dxe6 Rg3 40.Nf2 f3 41.Rxa6 Rxg2+ 42.Kf1 Be7 43.Rc6 Bh4
44.Rc2 Kg7 45.e7 Kf7 46.a6 Kxe7 47.a7 Rg8 48.Rc7+ Ke6 49.Nd1 Ra8 50.Rb7 d5
51.exd5+ Kxd5 52.Rxb5+ Kd4 53.Rb7 Bg3 54.b5 e4 55.b6 Kc5 56.Rg7 Bd6 57.Rd7 Kxb6
58.Rxd6+ Kxa7  1/2-1/2

[Event "WYCC U14 Open"]
[Site "Caldas Novas BRA"]
[Date "2011.11.18"]
[Round "1"]
[White "Ghosh,D"]
[Black "Abe,M"]
[Result "1-0"]
[WhiteElo "2341"]
[BlackElo "1867"]

1.d4 Nf6 2.c4 g6 3.Nc3 Bg7 4.e4 d6 5.Nf3 O-O 6.Be2 e5 7.O-O Nc6 8.d5 Ne7
9.Ne1 Nd7 10.Nd3 f5 11.Bd2 Nf6 12.f3 f4 13.c5 g5 14.Rc1 Ng6 15.Nb5 Rf7 16.Ba5 b6
17.cxb6 cxb6 18.Be1 Bf8 19.Nb4 a6 20.Nc6 Qe8 21.Nc3 b5 22.a4 b4 23.Nxb4 Rb7
24.Nc6 Ne7 25.Na5 Rbb8 26.Nc4 Ng6 27.a5 Nh4 28.Nb6 Ra7 29.Nxc8 Rxc8 30.Bf2 Rg7
31.b4 Qh5 32.h3 Rg6 33.Re1 Rc7 34.Bxh4 gxh4 35.Bf1 Rcg7 36.Kf2 Qg5 37.Ke2 Nh5
38.Kd2 Qg3 39.Kc2 Qf2+ 40.Kb3 Qa7 41.Qd3 Ng3 42.Qxa6 Nxf1 43.Qxa7 Nd2+ 44.Kc2 Rxa7
45.Kxd2 Rxg2+ 46.Kd3 Rg3 47.Rf1 Rxh3 48.Nb5 Ra8 49.Nc7 Ra7 50.a6 Rh2 51.b5 Rb2
52.Rb1 Rxb1 53.Rxb1 Rxc7 54.b6 Rg7 55.b7 h3 56.b8=Q h2 57.Rh1  1-0

[Event "TCh-FIN SM-Liiga 2011-12"]
[Site "Tampere FIN"]
[Date "2011.11.19"]
[Round "5.2"]
[White "Veingold,A"]
[Black "Sepp,O"]
[Result "1/2-1/2"]
[WhiteElo "2473"]
[BlackElo "2485"]

1.d4 Nf6 2.c4 g6 3.Nc3 Bg7 4.e4 d6 5.Nf3 O-O 6.Be2 e5 7.O-O Nc6 8.d5 Ne7
9.b4 Nh5 10.g3 f5 11.Ng5 Nf6 12.Bf3 c6 13.Ba3 cxd5 14.exd5 Ne8 15.Rc1 Kh8
16.c5 e4 17.Be2 h6 18.Ne6 Bxe6 19.dxe6 d5 20.Bb5 d4 21.Ne2 d3 22.Nf4 Nf6
23.c6 Qb6 24.cxb7 Qxb7 25.Qa4 d2 26.Rcd1 g5 27.Ba6 Qc7 28.Qa5 Qxa5 29.bxa5 gxf4
30.Bxe7 Rfe8 31.Bxf6 Bxf6 32.Rxd2 Rxe6 33.Bc4 Re5 34.gxf4 Rxa5 35.Rd6 Bg7
36.Rfd1 Rf8 37.Kf1 Rc5 38.Bb3 Rc3 39.Rd7 Rf3 40.Rxa7 Rxf4 41.Rdd7 Rg4 42.Bd1 Rg6
43.Bh5 Rg5 44.h4 Rxh5 45.Rxg7 Rb8 46.Rh7+ Kg8 47.Rag7+ Kf8  1/2-1/2

[Event "3rd Pilsen Open"]
[Site "Plzen CZE"]
[Date "2011.11.22"]
[Round "5"]
[White "Yakimenko,Alex"]
[Black "Horyna,J"]
[Result "1-0"]
[WhiteElo "2260"]
[BlackElo "1901"]

1.d4 Nf6 2.c4 g6 3.Nc3 Bg7 4.e4 d6 5.Nf3 O-O 6.Be2 e5 7.O-O Nc6 8.d5 Ne7
9.Ne1 Nd7 10.Nd3 f5 11.f3 Nf6 12.Bd2 Bd7 13.c5 f4 14.Qb3 b6 15.cxd6 cxd6
16.Nb5 Bxb5 17.Qxb5 Rc8 18.Rfc1 Qd7 19.Nb4 Qxb5 20.Bxb5 Rc5 21.Ba6 Rd8 22.Nc6 Rd7
23.Bb4 Rxc1+ 24.Rxc1 Ne8 25.Nxe7+ Rxe7 26.Bb5 Bf8 27.Rc8 Kf7 28.Bc6 g5 29.Kf2 h5
30.h3 Bg7 31.Ke2 Bf8 32.Kd3 Bg7 33.Kc4 a5 34.Ba3 g4 35.hxg4 hxg4 36.b4 gxf3
37.gxf3 a4 38.Bxe8+ Rxe8 39.Rxe8 Kxe8 40.Kb5  1-0

[Event "TCh-ESP CECLUB Div Honor 2011"]
[Site "Melilla ESP"]
[Date "2011.11.23"]
[Round "4"]
[White "Graf,A"]
[Black "Rubio Tapia,J"]
[Result "1-0"]
[WhiteElo "2633"]
[BlackElo "2102"]

1.d4 Nf6 2.c4 g6 3.Nc3 Bg7 4.e4 d6 5.Nf3 O-O 6.Be2 e5 7.O-O Nc6 8.d5 Ne7
9.Nd2 Nd7 10.b4 f5 11.c5 Nf6 12.f3 f4 13.Nc4 g5 14.a4 Ng6 15.Ba3 Rf7 16.b5 Bf8
17.b6 dxc5 18.bxc7 Rxc7 19.d6 Rg7 20.Bxc5 Be6 21.Bf2 Rc8 22.Nd5 Bxd5 23.exd5 Bxd6
24.a5 Bc5 25.d6 b5 26.axb6 axb6 27.Bxc5 Rxc5 28.Qb3 Nd5 29.Rfd1 Kf8 30.Rxd5 Rxd5
31.Nxb6 Rb7 32.Qxd5 Qxb6+ 33.Kf1 Rd7 34.Rd1 Kg7 35.Bc4 Kh6 36.Qe6 Rd8 37.Qd5 Rd7
38.g3 Qb2 39.Kg1 Qb6+ 40.Kg2 Qb2+ 41.Kh3 Rd8 42.Bd3 Qd4 43.Qf7 e4 44.Bc2 Qe5
45.Bxe4 Rxd6 46.Bxg6 Rxg6 47.Qf8+ Qg7 48.Qf5 Qf6 49.Kg4 Qxf5+ 50.Kxf5 fxg3
51.hxg3 Kg7 52.Rd7+ Kh6 53.Rf7 Ra6 54.Rf6+ Rxf6+ 55.Kxf6 Kh5 56.Kg7 g4 57.f4 h6  1-0